MARC details
| 000 -CABECERA |
| campo de control de longitud fija |
02925nam a22003015i 4500 |
| 001 - NÚMERO DE CONTROL |
| campo de control |
99116545257804341 |
| 005 - FECHA Y HORA DE LA ÚLTIMA TRANSACCIÓN |
| campo de control |
20251010083132.0 |
| 006 - CÓDIGOS DE INFORMACIÓN DE LONGITUD FIJA--CARACTERÍSTICAS DEL MATERIAL ADICIONAL |
| campo de control de longitud fija |
m || d | |
| 007 - CAMPO FIJO DE DESCRIPCIÓN FÍSICA--INFORMACIÓN GENERAL |
| campo de control de longitud fija |
cr ||||||||||| |
| 008 - DATOS DE LONGITUD FIJA--INFORMACIÓN GENERAL |
| campo de control de longitud fija |
171025s2017 xxk|||||o |||| ||eng |
| 020 ## - NÚMERO INTERNACIONAL ESTÁNDAR DEL LIBRO |
| Número Internacional Estándar del Libro |
9781350034617 |
| 035 ## - NÚMERO DE CONTROL DEL SISTEMA |
| Número de control de sistema |
oai:ldls.org.uk:018572194 |
| 035 ## - NÚMERO DE CONTROL DEL SISTEMA |
| Número de control de sistema |
(Uk)018572194 |
| 037 ## - FUENTE DE ADQUISICIÓN |
| Número de adquisición |
9781350034617 |
| Fuente del número de adquisición |
CodeMantra |
| 040 ## - FUENTE DE LA CATALOGACIÓN |
| Centro catalogador/agencia de origen |
Uk |
| Lengua de catalogación |
eng |
| Centro/agencia transcriptor |
Uk |
| Centro/agencia modificador |
StEdNL |
| 041 ## - CÓDIGO DE LENGUA |
| Código de lengua del texto/banda sonora o título independiente |
English |
| 100 ## - ENTRADA PRINCIPAL--NOMBRE DE PERSONA |
| Nombre de persona |
Davis, Melissa |
| Títulos y otros términos asociados al nombre |
(Writer on branding), |
| Término indicativo de función/relación |
author. |
| 245 14 - MENCIÓN DE TÍTULO |
| Título |
The Fundamentals of Branding |
| Mención de responsabilidad, etc. |
/ Melissa Davis. |
| 264 #1 - PRODUCCIÓN, PUBLICACIÓN, DISTRIBUCIÓN, FABRICACIÓN Y COPYRIGHT |
| Producción, publicación, distribución, fabricación y copyright |
London : |
| Nombre del de productor, editor, distribuidor, fabricante |
Bloomsbury Visual Arts, |
| Fecha de producción, publicación, distribución, fabricación o copyright |
2017. |
| 300 ## - DESCRIPCIÓN FÍSICA |
| Extensión |
184 pages |
| 490 0# - MENCIÓN DE SERIE |
| Mención de serie |
Fundamentals |
| 505 ## - NOTA DE CONTENIDO CON FORMATO |
| Nota de contenido con formato |
What is a brand? — Defining branding — Brand history — The marketing matrix — The basic brand development process — Teamwork and talent — The agency playing field — The client/agency relationship —<br/>Deconstructing brands — Brand structures — Brand families — The brand development methodology — Brand positioning — Brand values — Developing the 'creative' — Communicating the brand — Maintaining the brand —<br/>The changing brand audience — Understanding the brand audience — Audience attitudes and social shifts — Developing brands for audience 'types' — Brands, ethics and responsibility — The digital audience — Employee audiences —<br/>Branding techniques — Techniques to diversify the brand — Forms of collaboration — Affinity marketing — Charity-based partnerships — The future of partnerships —<br/>Assessing the brand impact — Why measure the brand? — Brand equity — How to measure the brand impact — Brand measurement models — Measurement in the business and marketing process —<br/>Brand futures — Understanding brand trends — The evolution of brands — Key future trends — Industry perspectives: digital — Industry perspectives: brand strategy — Industry perspectives: innovation — Moving the brand forward —<br/>Appendix — Conclusion — Student resources — Bibliography — Glossary — Acknowledgements — Credits — Working with ethics. |
| 520 ## - SUMARIO, ETC. |
| Sumario, etc. |
Branding is a discipline that has emerged over the last century to become a ubiquitous force in marketing. The Fundamentals of Branding offers an overview of the foundations of building, developing and maintaining brands.<br/><br/>It provides insight into key aspects such as targeting audiences, trends, brand structures and brand architecture, and examines the fundamental client/agency relationship. It also places branding in a global context and discusses its relation to business practice as well as other creative disciplines. |
| 540 ## - NOTA DE CONDICIONES DE USO Y REPRODUCCIÓN |
| Condiciones de uso y reproducción |
Restricted: Printing from this resource is governed by The Legal Deposit Libraries (Non-Print Works) Regulations (UK) and UK copyright law currently in force. |
| Institución que aplica el campo |
Uk |
| 650 #0 - PUNTO DE ACCESO ADICIONAL DE MATERIA--TÉRMINO DE MATERIA |
| Término de materia o nombre geográfico como elemento de entrada |
Advertising |
| 9 (RLIN) |
2839 |
| 650 #0 - PUNTO DE ACCESO ADICIONAL DE MATERIA--TÉRMINO DE MATERIA |
| Término de materia o nombre geográfico como elemento de entrada |
Branding (Marketing) |
| 9 (RLIN) |
6284 |
| 942 ## - ELEMENTOS DE ENTRADA AGREGADA (KOHA) |
| Fuente del sistema de clasificación o colocación |
Clasificación de Library of Congress |